Sonetti dell'amore oscuro /

Tallennettuna:
Bibliografiset tiedot
Päätekijä: García Lorca, Federico (Tekijä)
Muut tekijät: Rendina, Claudio
Aineistotyyppi: Kirja
Kieli:italia
espanja
Julkaistu: Roma : Tascabili economici Newton, 1992
Sarja:Centopaginemillelire ; 15
Aiheet:
Tagit: Lisää tagi
Ei tageja, Lisää ensimmäinen tagi!

MARC

LEADER 00000nam a22000007i 4500
001 IT\ICCU\REA\0027267
003 ItRI
005 20260220150057.0
008 930709s1992 it |||||| ||||| |||||c
020 |a 8879830929 
040 |b ita  |c ct 
041 7 |a ita  |a spa  |2 ISO-639-2 
082 |a 861.62  |2 21 
100 1 |a García Lorca, Federico  |0 IT\ICCU\CFIV\051848  |4 aut 
240 1 0 |a Sonetos do amor obscuro  |9 García Lorca, Federico 
245 1 0 |a Sonetti dell'amore oscuro /  |c Federico Garcia Lorca ; a cura di Claudio Rendina. 
260 |a Roma :  |b Tascabili economici Newton,  |c 1992 
300 |a 97 p. :  |b ill. ;  |c 20 cm 
500 |a Testo originale a fronte. 
650 7 |a Poesia spagnola  |2 scbi 
700 1 |a Rendina, Claudio  |0 IT\ICCU\CFIV\081407 
830 0 |a Centopaginemillelire ;  |v 15  |0 IT\ICCU\RAV\0196182 
942 |2 ddc  |c BK 
952 |0 0  |1 0  |2 ddc  |4 0  |6 B_LPS01LORFESON11  |7 0  |9 9095  |a MI  |b MI  |d 2011-09-19  |i 3170  |l 0  |o B-LPS01-LORFE-SON11  |p CDOM3170  |r 2025-07-17 21:50:44  |w 2025-07-17  |x ACQUISTO  |y BK 
952 |0 0  |1 0  |2 ddc  |4 0  |6 B_LPS01LORFESON12  |7 0  |9 9096  |a MI  |b MI  |d 2011-09-19  |i 3176  |l 0  |o B-LPS01-LORFE-SON12  |p CDOM3176  |r 2025-07-17 21:50:44  |w 2025-07-17  |x ACQUISTO  |y BK 
952 |0 0  |1 0  |4 0  |6 DOC_861_620000000000000_GAR  |7 0  |9 17186  |a BO  |b BO  |d 2026-01-15  |i 10234  |l 0  |o DOC 861.62 GAR  |p BO10234  |r 2026-01-15 23:19:33  |w 2026-01-15  |x [Sebina 5] [1 v. (2. copia)]  |y BK  |z 1 v. (2. copia) 
952 |0 0  |1 0  |4 0  |6 DOC_861_620000000000000_GAR  |7 0  |9 17187  |a BO  |b BO  |d 2026-01-15  |i 9173  |l 0  |o DOC 861.62 GAR  |p BO9173  |r 2026-01-15 23:19:33  |w 2026-01-15  |x [Sebina 5] [1 v.]  |y BK  |z 1 v. 
999 |c 7573  |d 7573